[Event "Marseille op 4th"]
[Site "Marseille"]
[Date "2003.07.02"]
[Round "7"]
[White "Badea, Bela"]
[Black "Lemoine, Benoit"]
[Result "1-0"]
[WhiteElo "2501"]
[BlackElo "2134"]
[PlyCount "73"]
[EventDate "2003.06.28"]
[EventType "swiss"]
[EventRounds "9"]
[EventCountry "FRA"]
[SourceTitle "EXT 2004"]
[Source "ChessBase"]
[SourceDate "2003.11.25"]
[SourceVersion "1"]
[SourceVersionDate "2003.11.25"]
[SourceQuality "1"]

1. Nf3 Nf6 2. g3 g6 3. b3 Bg7 4. Bb2 0-0 5. Bg2 d5 6. c4 c6 7. 0-0 Nbd7 8. e3 Qb6 9. Qc2 Nc5 10. d4 Nce4 11. Ne5 Bf5 12. Qe2 h5 13. f3 Ng5 14. Nd2 dxc4 15. Nexc4 Qc7 16. e4 Bh3 17. f4 Bxg2 18. Kxg2 Ne6 19. f5 Nd8 20. fxg6 fxg6 21. Ne5 Kh7 22. Ndf3 Ne6 23. Qc4 Nd8 24. Ng5+ Kh6 25. Bc1 Qc8 26. Ne6+ Kh7 27. Nxf8+ Bxf8 28. Qd3 Qe6 29. Nxg6 Kxg6 30. e5+ Kg7 31. exf6+ exf6 32. Rf5 Qe8 33. d5 cxd5 34. Bb2 Qe4+ 35. Qxe4 dxe4 36. Raf1 Rc8 37. Rxf6 1-0

[Event "Marseille op 4th"]
[Site "Marseille"]
[Date "2003.07.01"]
[Round "5"]
[White "Safranska, Anda"]
[Black "Lemoine, Benoit"]
[Result "1/2-1/2"]
[WhiteElo "2337"]
[BlackElo "2134"]
[PlyCount "88"]
[EventDate "2003.06.28"]
[EventType "swiss"]
[EventRounds "9"]
[EventCountry "FRA"]
[SourceTitle "EXT 2004"]
[Source "ChessBase"]
[SourceDate "2003.11.25"]
[SourceVersion "1"]
[SourceVersionDate "2003.11.25"]
[SourceQuality "1"]

1. e4 c5 2. Nf3 d6 3. Bc4 Nc6 4. c3 Nf6 5. d3 e6 6. Bb3 d5 7. e5 Nd7 8. d4 Be7 9. 0-0 0-0 10. Re1 Re8 11. Nbd2 cxd4 12. cxd4 f6 13. exf6 Nxf6 14. Nf1 Qb6 15. Ng3 Bd7 16. Bc2 Rac8 17. a3 Na5 18. b3 Rc7 19. Bf4 Bd6 20. Bxd6 Qxd6 21. Ne5 Bb5 22. Ra2 Rec8 23. h3 Qb6 24. Kh2 Ba6 25. b4 Nc4 26. Ng4 Ne8 27. Bb1 g6 28. a4 Qxb4 29. Rxe6 Nb2 30. Qe1 Qxe1 31. Rxe1 Nd3 32. Bxd3 Bxd3 33. Rb2 b6 34. Re3 Rc3 35. Ne2 Bxe2 36. Rexe2 Ra3 37. Rb4 Kf8 38. Re5 Rd8 39. Ne3 Nf6 40. Re6 Kf7 41. Rc6 Ke7 42. Rc2 Ke6 43. Nd1 Rd7 44. Nc3 Ra1 1/2-1/2

[Event "Tarbes op 11th"]
[Site "Tarbes"]
[Date "2003.04.21"]
[Round "7"]
[White "Lemoine, Benoit"]
[Black "Francois, Gilles"]
[Result "0-1"]
[WhiteElo "2134"]
[BlackElo "2103"]
[PlyCount "34"]
[EventDate "2003.04.19"]
[EventType "swiss"]
[EventRounds "9"]
[EventCountry "FRA"]
[SourceTitle "EXT 2004"]
[Source "ChessBase"]
[SourceDate "2003.11.25"]
[SourceVersion "1"]
[SourceVersionDate "2003.11.25"]
[SourceQuality "1"]

1. e4 d6 2. d4 Nf6 3. Nc3 g6 4. Be3 Bg7 5. Qd2 0-0 6. 0-0-0 Nc6 7. Bh6 e5 8. Nge2 Bxh6 9. Qxh6 Ng4 10. Qd2 Nxf2 11. Rg1 Nxd1 12. Kxd1 f5 13. h4 fxe4 14. h5 Bg4 15. hxg6 Qh4 16. g3 Qh5 17. Kc1 Qxg6 0-1